000
00292nam a22001337a 4500
008
171013b xxu||||| |||| 00| 0 eng d
020
_a
9780205156269
041
_a
eng
080
_2
3RD
_a
316
100
_a
50
101
_a
SOC
245
_a
SOCIOLOGICAL THEORY
_c
ASHLEY,D
942
_2
udc
_c
BK
999
_c
33574
_d
33574